| 000 | 01185nam a2200241Ia 4500 | ||
|---|---|---|---|
| 999 |
_c37467 _d37467 |
||
| 001 | 3428 | ||
| 003 | GE_BSU | ||
| 005 | 20190617214558.0 | ||
| 008 | 181216s2009||||ge |||||||||||||| ||geo|| | ||
| 020 | _a99928434705 | ||
| 040 | _cGE_BSU | ||
| 041 | _ageo | ||
| 080 | _a631.1(479.223) ჯ–12 | ||
| 100 |
_aჯაბნიძე, ნანა _92532 |
||
| 245 |
_aსტევიას ბიოლოგიური ნიშანთვისებებისა და გამრავლების საკითხების შესწავლა აჭარის პირობებში / _cნანა ჯაბნიძე ; რედ. რეზო ჯაბნიძე. |
||
| 264 |
_aბათუმი : _bალიონი, _c2009. |
||
| 300 |
_a93 გვ.; _b19 სმ. |
||
| 653 | _aსოფლის მეურნეობა | ||
| 653 | _aსტევიას ბიოლოგიური ნიშანთვისებები | ||
| 653 | _aსტევიას გამრავლების საკითხები | ||
| 700 |
_aჯაბნიძე, რეზო _eრედაქტორი _92484 |
||
| 942 |
_cBK _2udc |
||